00560nam a22001577a 4500008004000000020001500040050002100055245010800076250000800184260004100192300002000233440003300253504002800286650004100314700004700355131003t sp||||| |||| 00| 0 spa d a847827210004aLB41.5bE38 199900aLa educacion en el siglo XXI :bLos retos del futuro inmediatocFrancisco Imbernón coord....[eta al]. a3a. aBarcelona, España :bGraó,c1999 a180 p. c23 cm. 0aBiblioteca de aula nNo. 136 aIncluye bibliografías 4aAlternativas educativasxEducación1 aImbernâon, Francisco, coord....[eta al].